Cities at River Confluences - Statistics

General Stats
  • This quiz has been taken 75 times
  • The average score is 6 of 15
Answer Stats
River 1 River 2 City % Correct
Ottawa St. Lawrence Montréal
82%
Missouri Mississippi St. Louis
79%
Blue Nile White Nile Khartoum
73%
Allegheny Ohio Pittsburgh
69%
Negro Amazon Manaus
63%
Sava Danube Belgrade
55%
Saône Rhône Lyon
53%
Dong (East) Zhujiang (Pearl) Guangzhou
47%
Euphrates Tigris Basra
40%
Tonle Sap Mekong Phnom Penh
32%
Jialin Yangtze Chongqing
29%
Marañón Amazon Iquitos
8%
Oka Volga Nizhny Novgorod
8%
Charles Todd Alice Springs
5%
Ubangi Congo Mbandaka
3%
No matching quizzes found
Score Distribution
Percent of People with Each Score
Percentile by Number Answered
Your Score History
You have not taken this quiz